[Event "World Chess Olympiad 2018"]
[Site "Batumi"]
[Date "2018.10.04"]
[Round "10"]
[Board "2"]
[WhiteFideId "5300380"]
[White "El Jawich Amro"]
[BlackFideId "410551"]
[Black "Martin Lewis"]
[Result "0-1"]
[LiveChessVersion "1.4.8"]
[BlackElo "2128"]
[WhiteElo "2276"]

1. e4 {[%clk 1:30:53]} c5 {[%clk 1:30:52]} 2. Nc3 {[%clk 1:31:03]} Nc6
{[%clk 1:31:14]} 3. Nge2 {[%clk 1:30:57]} e5 {[%clk 1:28:53]} 4. Nd5
{[%clk 1:31:06]} g6 {[%clk 1:28:16]} 5. Nec3 {[%clk 1:28:32]} a6 {[%clk 1:28:29]}
6. a4 {[%clk 1:22:36]} Bg7 {[%clk 1:27:19]} 7. Bc4 {[%clk 1:21:50]} d6
{[%clk 1:26:59]} 8. d3 {[%clk 1:21:31]} h6 {[%clk 1:23:30]} 9. O-O
{[%clk 1:18:45]} Nge7 {[%clk 1:22:22]} 10. f4 {[%clk 1:10:38]} exf4
{[%clk 1:21:28]} 11. Bxf4 {[%clk 1:08:37]} O-O {[%clk 1:21:00]} 12. Nxe7+
{[%clk 0:52:24]} Nxe7 {[%clk 1:20:26]} 13. Qf3 {[%clk 0:50:32]} g5
{[%clk 1:14:43]} 14. Bxg5 {[%clk 0:41:30]} hxg5 {[%clk 1:15:06]} 15. Bxf7+
{[%clk 0:41:51]} Rxf7 {[%clk 1:15:13]} 16. Qxf7+ {[%clk 0:42:16]} Kh8
{[%clk 1:13:21]} 17. Qh5+ {[%clk 0:34:38]} Kg8 {[%clk 1:13:46]} 18. Qf7+
{[%clk 0:34:53]} Kh8 {[%clk 1:14:10]} 19. Qh5+ {[%clk 0:35:19]} Kg8
{[%clk 1:14:37]} 20. Qxg5 {[%clk 0:34:59]} Be6 {[%clk 1:14:17]} 21. Rf6
{[%clk 0:22:59]} Nc6 {[%clk 1:14:12]} 22. Raf1 {[%clk 0:22:40]} Ne5
{[%clk 1:13:07]} 23. Nd5 {[%clk 0:14:48]} Bxd5 {[%clk 1:09:09]} 24. exd5
{[%clk 0:13:49]} Nd7 {[%clk 1:09:29]} 25. Rg6 {[%clk 0:13:37]} Qxg5
{[%clk 1:09:54]} 26. Rxg5 {[%clk 0:14:05]} Rf8 {[%clk 0:59:27]} 27. Rxf8+
{[%clk 0:13:06]} Kxf8 {[%clk 0:57:30]} 28. Rf5+ {[%clk 0:13:35]} Ke7
{[%clk 0:57:33]} 29. g4 {[%clk 0:12:59]} Bxb2 {[%clk 0:57:08]} 30. g5
{[%clk 0:11:58]} Bc3 {[%clk 0:41:25]} 31. g6 {[%clk 0:08:32]} Nf6
{[%clk 0:40:38]} 32. h4 {[%clk 0:04:25]} Kf8 {[%clk 0:40:54]} 33. h5
{[%clk 0:01:48]} Kg7 {[%clk 0:41:18]} 34. Kg2 {[%clk 0:02:01]} b5
{[%clk 0:40:26]} 35. axb5 {[%clk 0:02:24]} axb5 {[%clk 0:40:51]} 36. Kf3
{[%clk 0:01:17]} Kh6 {[%clk 0:39:45]} 37. g7 {[%clk 0:00:34]} Kxg7
{[%clk 0:40:05]} 38. Rg5+ {[%clk 0:00:33]} Kh6 {[%clk 0:40:13]} 39. Rf5
{[%clk 0:00:45]} Nxh5 {[%clk 0:40:24]} 40. Rf7 {[%clk 0:30:40]} Nf6
{[%clk 1:08:54]} 41. Rb7 {[%clk 0:29:56]} b4 {[%clk 1:09:13]} 42. Rb6
{[%clk 0:27:33]} Ne8 {[%clk 1:00:33]} 43. Rb8 {[%clk 0:20:42]} Ng7
{[%clk 0:59:18]} 44. Rd8 {[%clk 0:16:41]} Nf5 {[%clk 0:59:22]} 45. Ke4
{[%clk 0:17:00]} Kg6 {[%clk 0:57:45]} 46. Rg8+ {[%clk 0:17:19]} Bg7
{[%clk 0:57:49]} 47. Re8 {[%clk 0:16:43]} Nd4 {[%clk 0:57:35]} 48. Rd8
{[%clk 0:12:17]} Be5 {[%clk 0:50:57]} 49. Rg8+ {[%clk 0:12:44]} Kf7
{[%clk 0:51:19]} 50. Rg2 {[%clk 0:13:08]} 0-1

[Event "World Chess Olympiad 2018"]
[Site "Batumi"]
[Date "2018.10.04"]
[Round "10"]
[Board "3"]
[WhiteFideId "12805165"]
[White "Jankunas Tomas"]
[BlackFideId "5300398"]
[Black "Tomb Maroun"]
[Result "1/2-1/2"]
[LiveChessVersion "1.4.8"]
[BlackElo "2177"]
[WhiteElo "2093"]

1. e4 {[%clk 1:30:50]} d6 {[%clk 1:30:50]} 2. d4 {[%clk 1:30:51]} Nf6
{[%clk 1:31:12]} 3. Nc3 {[%clk 1:31:12]} e5 {[%clk 1:31:27]} 4. Nf3
{[%clk 1:31:14]} Nbd7 {[%clk 1:31:40]} 5. Bc4 {[%clk 1:30:59]} Be7
{[%clk 1:31:55]} 6. O-O {[%clk 1:31:02]} c6 {[%clk 1:32:02]} 7. a4
{[%clk 1:31:16]} h6 {[%clk 1:32:20]} 8. h3 {[%clk 1:30:34]} Qc7 {[%clk 1:32:35]}
9. Re1 {[%clk 1:29:02]} Nf8 {[%clk 1:32:18]} 10. Ba2 {[%clk 1:19:04]} Ng6
{[%clk 1:32:26]} 11. Be3 {[%clk 1:19:22]} O-O {[%clk 1:32:33]} 12. Qd2
{[%clk 1:19:37]} Kh7 {[%clk 1:32:20]} 13. Rad1 {[%clk 1:19:11]} a6
{[%clk 1:29:24]} 14. Qe2 {[%clk 0:56:06]} b5 {[%clk 1:28:13]} 15. Bc1
{[%clk 0:49:43]} Bb7 {[%clk 1:22:22]} 16. d5 {[%clk 0:40:44]} b4 {[%clk 1:20:25]}
17. dxc6 {[%clk 0:40:23]} Bxc6 {[%clk 1:19:16]} 18. Nd5 {[%clk 0:40:09]} Nxd5
{[%clk 1:19:31]} 19. Bxd5 {[%clk 0:39:49]} Bxd5 {[%clk 1:19:43]} 20. Rxd5
{[%clk 0:34:10]} Rfc8 {[%clk 1:17:27]} 21. Rd2 {[%clk 0:30:03]} Nf4
{[%clk 1:15:41]} 22. Qe3 {[%clk 0:29:32]} Qa5 {[%clk 1:15:48]} 23. Qb3
{[%clk 0:27:13]} Kg8 {[%clk 1:15:24]} 24. Rdd1 {[%clk 0:26:28]} Ne6
{[%clk 1:14:50]} 25. Be3 {[%clk 0:26:53]} Rc6 {[%clk 1:07:42]} 26. Rd5
{[%clk 0:25:22]} Qc7 {[%clk 1:08:01]} 27. Rc1 {[%clk 0:21:37]} a5
{[%clk 1:02:50]} 28. c4 {[%clk 0:20:23]} Rc8 {[%clk 0:51:54]} 29. Qd3
{[%clk 0:20:07]} Bf8 {[%clk 0:16:09]} 30. b3 {[%clk 0:20:01]} g6 {[%clk 0:16:02]}
31. Rd1 {[%clk 0:17:34]} Ra8 {[%clk 0:15:29]} 32. Qd2 {[%clk 0:16:46]} Kh7
{[%clk 0:10:48]} 33. h4 {[%clk 0:13:48]} Qe7 {[%clk 0:10:45]} 34. g3
{[%clk 0:13:33]} Raa6 {[%clk 0:10:52]} 35. Kg2 {[%clk 0:12:50]} Nc7
{[%clk 0:07:55]} 36. Rb5 {[%clk 0:12:38]} Ne6 {[%clk 0:07:10]} 37. Rd5
{[%clk 0:11:35]} Nc7 {[%clk 0:05:52]} 38. Rb5 {[%clk 0:11:43]} Ne6
{[%clk 0:04:32]} 39. Rd5 1/2-1/2

[Event "World Chess Olympiad 2018"]
[Site "Batumi"]
[Date "2018.10.04"]
[Round "10"]
[Board "4"]
[WhiteFideId "5300150"]
[White "Kassis Antoine"]
[BlackFideId "912921"]
[Black "Moldovanovic Dragan"]
[Result "1-0"]
[LiveChessVersion "1.4.8"]
[BlackElo "2051"]
[WhiteElo "2173"]

1. e4 {[%clk 1:30:56]} c6 {[%clk 1:30:39]} 2. d4 {[%clk 1:31:11]} d5
{[%clk 1:30:44]} 3. Nc3 {[%clk 1:31:36]} dxe4 {[%clk 1:30:27]} 4. Nxe4
{[%clk 1:32:00]} Nf6 {[%clk 1:30:20]} 5. Nxf6+ {[%clk 1:31:40]} gxf6
{[%clk 1:30:05]} 6. c3 {[%clk 1:31:47]} Bf5 {[%clk 1:29:04]} 7. Nf3
{[%clk 1:31:48]} e6 {[%clk 1:26:17]} 8. g3 {[%clk 1:31:31]} Qc7 {[%clk 1:26:10]}
9. Bg2 {[%clk 1:24:38]} Nd7 {[%clk 1:25:13]} 10. O-O {[%clk 1:25:01]} O-O-O
{[%clk 1:24:46]} 11. Nh4 {[%clk 1:22:30]} Bg6 {[%clk 1:24:46]} 12. b4
{[%clk 1:18:52]} Kb8 {[%clk 1:17:37]} 13. a4 {[%clk 1:17:28]} e5 {[%clk 1:14:01]}
14. f4 {[%clk 1:09:06]} exf4 {[%clk 1:11:38]} 15. Bxf4 {[%clk 1:08:55]} Bd6
{[%clk 1:12:00]} 16. Bxd6 {[%clk 1:07:12]} Qxd6 {[%clk 1:12:22]} 17. b5
{[%clk 1:03:40]} c5 {[%clk 1:04:26]} 18. Qf3 {[%clk 1:02:55]} Qc7
{[%clk 1:04:32]} 19. a5 {[%clk 1:02:13]} Rhe8 {[%clk 1:03:03]} 20. Nxg6
{[%clk 0:51:38]} fxg6 {[%clk 1:01:10]} 21. b6 {[%clk 0:48:59]} axb6
{[%clk 0:54:51]} 22. a6 {[%clk 0:47:57]} f5 {[%clk 0:45:36]} 23. axb7
{[%clk 0:43:00]} Qd6 {[%clk 0:42:35]} 24. Rfd1 {[%clk 0:05:28]} Kc7
{[%clk 0:15:34]} 25. dxc5 {[%clk 0:05:22]} Qxc5+ {[%clk 0:15:53]} 26. Kh1
{[%clk 0:05:49]} Nb8 {[%clk 0:07:58]} 27. Qf4+ {[%clk 0:05:27]} Qe5
{[%clk 0:06:43]} 28. Qc4+ {[%clk 0:05:10]} Qc5 {[%clk 0:06:49]} 29. Qf4+
{[%clk 0:05:37]} Qe5 {[%clk 0:06:38]} 30. Rxd8 {[%clk 0:02:23]} Kxd8
{[%clk 0:06:25]} 31. Rd1+ {[%clk 0:01:51]} Kc7 {[%clk 0:06:26]} 32. Qc4+
{[%clk 0:02:00]} Qc5 {[%clk 0:06:22]} 33. Qf7+ {[%clk 0:02:13]} Qe7
{[%clk 0:06:30]} 34. Qc4+ {[%clk 0:02:01]} Qc5 {[%clk 0:06:53]} 35. Qd3
{[%clk 0:01:31]} Qe5 {[%clk 0:04:44]} 36. c4 {[%clk 0:01:18]} Qc5
{[%clk 0:02:59]} 37. Qd2 {[%clk 0:01:24]} Qe5 {[%clk 0:02:42]} 38. Qd3
{[%clk 0:01:16]} Qc5 {[%clk 0:02:29]} 39. Qd2 {[%clk 0:01:37]} Qe5
{[%clk 0:02:53]} 40. c5 {[%clk 0:31:47]} 1-0

[Event "World Chess Olympiad 2018"]
[Site "Batumi"]
[Date "2018.10.04"]
[Round "10"]
[Board "1"]
[WhiteFideId "12600083"]
[White "Hasford John Kojo"]
[BlackFideId "7200595"]
[Black "Ziska Helgi Dam"]
[Result "0-1"]
[LiveChessVersion "1.4.8"]
[BlackElo "2550"]
[WhiteElo "2042"]

1. d4 {[%clk 1:29:59]} Nf6 {[%clk 1:30:43]} 2. Nf3 {[%clk 1:30:00]} g6
{[%clk 1:30:43]} 3. c4 {[%clk 1:29:48]} Bg7 {[%clk 1:30:59]} 4. Nc3
{[%clk 1:29:21]} O-O {[%clk 1:30:59]} 5. Bf4 {[%clk 1:29:12]} d6 {[%clk 1:29:56]}
6. h3 {[%clk 1:28:18]} Nbd7 {[%clk 1:28:56]} 7. e3 {[%clk 1:27:44]} b6
{[%clk 1:28:31]} 8. Be2 {[%clk 1:24:17]} Bb7 {[%clk 1:28:08]} 9. O-O
{[%clk 1:24:25]} Ne4 {[%clk 1:27:46]} 10. Rc1 {[%clk 1:23:35]} e5
{[%clk 1:19:57]} 11. Bh2 {[%clk 1:20:20]} Nxc3 {[%clk 1:07:40]} 12. Rxc3
{[%clk 1:18:38]} exd4 {[%clk 1:06:12]} 13. exd4 {[%clk 1:18:41]} Qf6
{[%clk 1:05:01]} 14. Qa4 {[%clk 1:13:13]} Rfe8 {[%clk 1:01:18]} 15. Bd1
{[%clk 1:08:56]} Re7 {[%clk 0:52:22]} 16. Bg3 {[%clk 1:08:49]} h6
{[%clk 0:52:24]} 17. Re3 {[%clk 1:05:03]} Rxe3 {[%clk 0:50:19]} 18. fxe3
{[%clk 1:05:18]} Qe7 {[%clk 0:50:39]} 19. Bf2 {[%clk 1:04:21]} Nf6
{[%clk 0:49:14]} 20. Nd2 {[%clk 1:02:36]} c5 {[%clk 0:43:43]} 21. d5
{[%clk 1:00:34]} Nd7 {[%clk 0:40:14]} 22. Qc2 {[%clk 0:59:18]} Re8
{[%clk 0:37:52]} 23. Qb1 {[%clk 0:56:01]} b5 {[%clk 0:36:34]} 24. e4
{[%clk 0:54:58]} bxc4 {[%clk 0:36:12]} 25. Nxc4 {[%clk 0:53:02]} Ba6
{[%clk 0:35:02]} 26. b3 {[%clk 0:53:02]} Nb6 {[%clk 0:31:14]} 27. Bf3
{[%clk 0:48:00]} Bxc4 {[%clk 0:26:00]} 28. bxc4 {[%clk 0:47:07]} Nxc4
{[%clk 0:26:18]} 29. Qc2 {[%clk 0:43:06]} Ne5 {[%clk 0:25:08]} 30. Be2
{[%clk 0:41:32]} Rc8 {[%clk 0:19:45]} 31. Qa4 {[%clk 0:39:56]} Rb8
{[%clk 0:18:15]} 32. Bb5 {[%clk 0:38:38]} Bf6 {[%clk 0:14:41]} 33. Bg3
{[%clk 0:35:57]} h5 {[%clk 0:12:47]} 34. Qa6 {[%clk 0:33:19]} Kg7
{[%clk 0:12:14]} 35. a4 {[%clk 0:32:04]} h4 {[%clk 0:09:20]} 36. Bh2
{[%clk 0:31:11]} Qc7 {[%clk 0:06:57]} 37. Bxe5 {[%clk 0:28:12]} Bxe5
{[%clk 0:07:10]} 38. Bc6 {[%clk 0:27:14]} Rb4 {[%clk 0:02:45]} 39. Be8
{[%clk 0:26:14]} f6 {[%clk 0:01:47]} 40. Qc6 {[%clk 0:54:23]} Qe7
{[%clk 0:31:36]} 41. Bd7 {[%clk 0:52:31]} Rxe4 {[%clk 0:27:15]} 42. Be6
{[%clk 0:52:34]} f5 {[%clk 0:26:40]} 43. Qc8 {[%clk 0:50:34]} Kh6
{[%clk 0:23:06]} 44. a5 {[%clk 0:44:49]} Re2 {[%clk 0:19:18]} 45. Qa6
{[%clk 0:40:41]} Rd2 {[%clk 0:19:26]} 46. Rf3 {[%clk 0:36:28]} Qg5
{[%clk 0:19:26]} 47. Qf1 {[%clk 0:36:29]} Rc2 {[%clk 0:19:00]} 48. Rd3
{[%clk 0:35:56]} c4 {[%clk 0:19:19]} 0-1

[Event "World Chess Olympiad 2018"]
[Site "Batumi"]
[Date "2018.10.04"]
[Round "10"]
[Board "2"]
[WhiteFideId "7200420"]
[White "Berg Olaf"]
[BlackFideId "12600407"]
[Black "Mensah Joseph Jamena"]
[Result "1-0"]
[LiveChessVersion "1.4.8"]
[BlackElo "1999"]
[WhiteElo "2248"]

1. d4 {[%clk 1:30:57]} d5 {[%clk 1:30:55]} 2. c4 {[%clk 1:30:29]} c6
{[%clk 1:31:20]} 3. Nc3 {[%clk 1:30:31]} Nf6 {[%clk 1:31:45]} 4. Nf3
{[%clk 1:30:15]} a6 {[%clk 1:31:46]} 5. e3 {[%clk 1:30:04]} b5 {[%clk 1:24:32]}
6. b3 {[%clk 1:22:46]} Bg4 {[%clk 1:24:32]} 7. h3 {[%clk 1:21:36]} Bh5
{[%clk 1:24:50]} 8. g4 {[%clk 1:18:55]} Bg6 {[%clk 1:24:56]} 9. Ne5
{[%clk 1:18:47]} e6 {[%clk 1:24:54]} 10. c5 {[%clk 1:11:48]} Qc7 {[%clk 1:23:08]}
11. Bg2 {[%clk 0:48:04]} Bxc5 {[%clk 1:20:29]} 12. Nxg6 {[%clk 0:46:31]} Bb4
{[%clk 1:20:53]} 13. Nxh8 {[%clk 0:45:47]} Bxc3+ {[%clk 1:21:15]} 14. Bd2
{[%clk 0:45:47]} Bxa1 {[%clk 1:20:37]} 15. g5 {[%clk 0:43:54]} Ne4
{[%clk 1:18:37]} 16. Bxe4 {[%clk 0:40:53]} dxe4 {[%clk 1:18:45]} 17. Qh5
{[%clk 0:37:12]} Kf8 {[%clk 1:17:39]} 18. Qxh7 {[%clk 0:36:18]} Qe7
{[%clk 1:11:17]} 19. g6 {[%clk 0:30:32]} Nd7 {[%clk 0:53:24]} 20. gxf7
{[%clk 0:30:26]} Nf6 {[%clk 0:53:10]} 21. Qg6 {[%clk 0:25:01]} c5
{[%clk 0:45:15]} 22. Rg1 {[%clk 0:25:05]} Ne8 {[%clk 0:45:27]} 23. Qh7
{[%clk 0:22:36]} Qf6 {[%clk 0:37:54]} 24. Qg8+ {[%clk 0:22:54]} Ke7
{[%clk 0:37:40]} 25. f8=Q+ {[%clk 0:23:11]} Qxf8 {[%clk 0:36:34]} 26. Ng6+
{[%clk 0:23:34]} Kd7 {[%clk 0:36:28]} 27. Qxf8 {[%clk 0:23:55]} cxd4
{[%clk 0:35:10]} 28. Ne5+ {[%clk 0:23:47]} Kc7 {[%clk 0:34:08]} 29. Ba5+
{[%clk 0:23:38]} Kb7 {[%clk 0:33:57]} 30. Rxg7+ {[%clk 0:23:15]} Nxg7
{[%clk 0:33:57]} 31. Qxg7+ {[%clk 0:23:37]} 1-0

[Event "World Chess Olympiad 2018"]
[Site "Batumi"]
[Date "2018.10.04"]
[Round "10"]
[Board "3"]
[WhiteFideId "12600784"]
[White "Ajavon Anthony Obieni"]
[BlackFideId "7200315"]
[Black "Poulsen Martin"]
[Result "0-1"]
[LiveChessVersion "1.4.8"]
[BlackElo "2239"]
[WhiteElo "1902"]

1. d4 {[%clk 1:30:58]} f5 {[%clk 1:30:27]} 2. Nf3 {[%clk 1:30:02]} Nf6
{[%clk 1:30:22]} 3. e3 {[%clk 1:28:41]} g6 {[%clk 1:24:55]} 4. c4
{[%clk 1:28:08]} Bg7 {[%clk 1:25:14]} 5. Nc3 {[%clk 1:26:40]} O-O
{[%clk 1:24:23]} 6. Bd3 {[%clk 1:23:29]} c6 {[%clk 1:20:26]} 7. O-O
{[%clk 1:19:53]} d6 {[%clk 1:18:50]} 8. Qc2 {[%clk 1:14:04]} Na6 {[%clk 1:16:54]}
9. a3 {[%clk 1:14:25]} Nc7 {[%clk 1:17:00]} 10. Rd1 {[%clk 1:04:58]} Nh5
{[%clk 1:06:54]} 11. c5 {[%clk 0:51:53]} Qe8 {[%clk 1:00:50]} 12. cxd6
{[%clk 0:46:12]} exd6 {[%clk 1:00:56]} 13. b4 {[%clk 0:42:35]} Bd7
{[%clk 0:56:45]} 14. Bf1 {[%clk 0:36:54]} Nf6 {[%clk 0:50:16]} 15. Bd2
{[%clk 0:32:44]} Ne4 {[%clk 0:47:47]} 16. Be1 {[%clk 0:29:21]} d5
{[%clk 0:46:02]} 17. g3 {[%clk 0:25:05]} Qe7 {[%clk 0:43:36]} 18. h4
{[%clk 0:23:48]} h6 {[%clk 0:34:24]} 19. Ne2 {[%clk 0:21:08]} g5 {[%clk 0:32:42]}
20. Nc1 {[%clk 0:17:32]} f4 {[%clk 0:31:01]} 21. exf4 {[%clk 0:17:05]} gxf4
{[%clk 0:31:03]} 22. Be2 {[%clk 0:13:07]} Rae8 {[%clk 0:23:33]} 23. Nd3
{[%clk 0:12:55]} fxg3 {[%clk 0:22:26]} 24. fxg3 {[%clk 0:13:23]} Bxd4+
{[%clk 0:16:11]} 25. Nxd4 {[%clk 0:10:12]} Qg7 {[%clk 0:16:17]} 26. Kg2
{[%clk 0:02:49]} Qxd4 {[%clk 0:15:42]} 27. Nf4 {[%clk 0:02:23]} Qg7
{[%clk 0:15:10]} 28. Nh5 {[%clk 0:01:18]} Qg6 {[%clk 0:14:42]} 29. Kh2
{[%clk 0:00:38]} Ne6 {[%clk 0:07:37]} 30. Qd3 {[%clk 0:00:39]} Rf7
{[%clk 0:05:45]} 31. Ra2 {[%clk 0:00:40]} Ref8 {[%clk 0:05:13]} 32. Rc1
{[%clk 0:00:34]} Qf5 {[%clk 0:03:54]} 33. g4 {[%clk 0:00:42]} Qe5+
{[%clk 0:03:10]} 34. Kh3 {[%clk 0:00:58]} Nd4 {[%clk 0:02:12]} 35. Ng3
{[%clk 0:00:37]} Rf3 {[%clk 0:01:31]} 36. Bxf3 {[%clk 0:00:41]} Rxf3
{[%clk 0:01:44]} 0-1

[Event "World Chess Olympiad 2018"]
[Site "Batumi"]
[Date "2018.10.04"]
[Round "10"]
[Board "4"]
[WhiteFideId "7200277"]
[White "Samuelsen Carl Eli Nolsoe"]
[BlackFideId "12600750"]
[Black "Adu Jnr Lionel"]
[Result "1-0"]
[LiveChessVersion "1.4.8"]
[BlackElo "1896"]
[WhiteElo "2237"]

1. e4 c6 2. d4 d5 3. Nc3 Nf6 4. e5 Nfd7 5. f4 e6 6. Nf3 c5 7. Be3 a6 8. Qd2 Nc6
9. dxc5 Bxc5 10. Bxc5 Nxc5 11. O-O-O b5 12. Qe3 Qb6 13. Kb1 Na4 14. Qxb6 Nxb6 15.
Ne2 Nc4 16. Ned4 Nxd4 17. Nxd4 Ne3 18. Rd3 Nxf1 19. Rxf1 Bd7 20. g4 h6 21. f5 O-O
22. f6 b4 23. fxg7 Kxg7 24. Rf6 Rac8 25. b3 Bb5 26. Rh3 Rh8 27. Kb2 Bd7 28. Ne2
Rcg8 29. Rhf3 Be8 30. Nf4 Kh7 31. Rh3 Kg7 32. Nh5+ Kf8 33. Rf4 a5 34. Nf6 Rg5 35.
Re3 Ke7 36. h4 Rg7 37. c3 bxc3+ 38. Rxc3 Bb5 39. Rc7+ 1-0

[Event "World Chess Olympiad 2018"]
[Site "Batumi"]
[Date "2018.10.04"]
[Round "10"]
[Board "1"]
[WhiteFideId "12200085"]
[White "Nadir Samir"]
[BlackFideId "11800020"]
[Black "Rossini Paul"]
[Result "1-0"]
[LiveChessVersion "1.4.8"]
[BlackElo "1678"]
[WhiteElo "2170"]

1. d4 {[%clk 1:30:40]} Nf6 {[%clk 1:30:47]} 2. Bf4 {[%clk 1:30:40]} g6
{[%clk 1:30:57]} 3. Nc3 {[%clk 1:29:24]} Bg7 {[%clk 1:31:14]} 4. e4
{[%clk 1:28:56]} d6 {[%clk 1:31:26]} 5. Qd2 {[%clk 1:27:44]} O-O {[%clk 1:31:28]}
6. h4 {[%clk 1:26:39]} c5 {[%clk 1:30:15]} 7. d5 {[%clk 1:21:10]} a6
{[%clk 1:28:51]} 8. a4 {[%clk 1:21:16]} Re8 {[%clk 1:27:06]} 9. Be2
{[%clk 1:17:42]} Bg4 {[%clk 1:22:01]} 10. h5 {[%clk 1:01:45]} Bxe2
{[%clk 1:17:56]} 11. Ngxe2 {[%clk 1:01:18]} Nxh5 {[%clk 1:13:10]} 12. Bh6
{[%clk 1:00:06]} Qd7 {[%clk 0:57:14]} 13. f3 {[%clk 0:39:17]} f5 {[%clk 0:49:44]}
14. Bxg7 {[%clk 0:34:09]} Kxg7 {[%clk 0:50:01]} 15. Nf4 {[%clk 0:30:04]} Nxf4
{[%clk 0:43:26]} 16. Qxf4 {[%clk 0:30:27]} h5 {[%clk 0:40:31]} 17. Qg5
{[%clk 0:28:53]} e6 {[%clk 0:34:11]} 18. Rxh5 {[%clk 0:28:14]} Qe7
{[%clk 0:34:10]} 19. Qh6+ {[%clk 0:27:49]} Kf6 {[%clk 0:34:23]} 20. dxe6
{[%clk 0:23:35]} Qxe6 {[%clk 0:33:23]} 21. Rg5 {[%clk 0:21:20]} Qe5
{[%clk 0:23:39]} 22. O-O-O {[%clk 0:15:13]} Qf4+ {[%clk 0:23:37]} 23. Kb1
{[%clk 0:15:14]} fxe4 {[%clk 0:16:03]} 24. Nd5+ {[%clk 0:14:02]} 1-0

[Event "World Chess Olympiad 2018"]
[Site "Batumi"]
[Date "2018.10.04"]
[Round "10"]
[Board "2"]
[WhiteFideId "11800011"]
[White "Berardi Giancarlo"]
[BlackFideId "12202576"]
[Black "Abdelazeez Mohamed Abdalla"]
[Result "0-1"]
[LiveChessVersion "1.4.8"]
[BlackElo "2183"]
[WhiteElo "1766"]

1. c4 {[%clk 1:30:47]} e5 {[%clk 1:30:46]} 2. g3 {[%clk 1:31:05]} Nf6
{[%clk 1:30:59]} 3. Bg2 {[%clk 1:31:14]} Bc5 {[%clk 1:31:01]} 4. Nc3
{[%clk 1:30:46]} d6 {[%clk 1:30:53]} 5. Na4 {[%clk 1:28:23]} O-O {[%clk 1:30:56]}
6. Nxc5 {[%clk 1:28:31]} dxc5 {[%clk 1:31:22]} 7. d3 {[%clk 1:28:05]} Qe7
{[%clk 1:31:24]} 8. Bg5 {[%clk 1:21:05]} Nbd7 {[%clk 1:31:42]} 9. Qb3
{[%clk 1:19:50]} h6 {[%clk 1:31:54]} 10. Bxf6 {[%clk 1:16:43]} Nxf6
{[%clk 1:32:15]} 11. e4 {[%clk 1:11:00]} Rd8 {[%clk 1:29:11]} 12. Ne2
{[%clk 1:09:01]} Qd6 {[%clk 1:29:06]} 13. Rd1 {[%clk 1:08:44]} Bg4
{[%clk 1:27:45]} 14. f3 {[%clk 1:04:24]} Be6 {[%clk 1:28:07]} 15. O-O
{[%clk 0:58:23]} b5 {[%clk 1:27:46]} 16. Qc2 {[%clk 0:57:39]} c6 {[%clk 1:27:50]}
17. g4 {[%clk 0:39:37]} Nd7 {[%clk 1:26:17]} 18. Ng3 {[%clk 0:36:00]} Qd4+
{[%clk 1:21:34]} 19. Kh1 {[%clk 0:34:39]} bxc4 {[%clk 1:21:38]} 20. dxc4
{[%clk 0:34:48]} Qxc4 {[%clk 1:22:01]} 21. Rf2 {[%clk 0:32:20]} Nb6
{[%clk 1:20:28]} 22. Qxc4 Nxc4 23. Rc1 {[%clk 0:30:12]} Ne3 {[%clk 1:18:43]} 24.
Rxc5 {[%clk 0:29:14]} Rd1+ {[%clk 1:18:50]} 25. Nf1 {[%clk 0:29:07]} Rad8
{[%clk 1:18:26]} 26. h3 {[%clk 0:28:32]} Bc4 {[%clk 1:18:41]} 27. Kg1
{[%clk 0:26:50]} Rc1 {[%clk 1:18:26]} 28. b3 {[%clk 0:27:06]} Nxg2
{[%clk 1:14:38]} 29. Rxc4 {[%clk 0:20:32]} Rxc4 {[%clk 1:14:59]} 30. bxc4
{[%clk 0:20:48]} Nf4 {[%clk 1:15:22]} 31. Kh2 {[%clk 0:19:34]} Rd3
{[%clk 1:15:39]} 32. Kg3 {[%clk 0:18:20]} Rc3 {[%clk 1:15:44]} 33. Nd2
{[%clk 0:17:03]} a5 {[%clk 1:15:55]} 34. Nb3 {[%clk 0:15:02]} a4 {[%clk 1:16:00]}
35. Na5 {[%clk 0:15:17]} c5 {[%clk 1:16:15]} 36. Rd2 {[%clk 0:11:25]} f6
{[%clk 1:16:21]} 37. h4 {[%clk 0:10:34]} g6 {[%clk 1:15:33]} 38. Kf2
{[%clk 0:05:46]} Kf7 {[%clk 1:15:25]} 39. Nb7 {[%clk 0:05:42]} Ne6
{[%clk 1:14:29]} 40. Nd6+ {[%clk 0:02:48]} Kf8 {[%clk 1:13:28]} 41. Kg2
{[%clk 0:32:33]} Nd4 {[%clk 1:43:11]} 42. Rf2 {[%clk 0:31:02]} Ke7
{[%clk 1:37:30]} 43. Nc8+ {[%clk 0:31:23]} Ke6 {[%clk 1:35:51]} 44. Nb6
{[%clk 0:31:20]} a3 {[%clk 1:35:59]} 45. f4 {[%clk 0:31:21]} exf4
{[%clk 1:31:46]} 46. Rxf4 {[%clk 0:31:09]} Ke5 {[%clk 1:31:17]} 47. Rf2
{[%clk 0:30:33]} Kxe4 {[%clk 1:30:40]} 48. Rxf6 {[%clk 0:30:24]} Rc2+
{[%clk 1:31:01]} 49. Rf2 {[%clk 0:29:49]} Rxf2+ {[%clk 1:31:23]} 50. Kxf2
{[%clk 0:30:06]} Kd3 {[%clk 1:31:36]} 51. g5 {[%clk 0:28:10]} hxg5
{[%clk 1:31:48]} 52. hxg5 {[%clk 0:28:19]} Ne6 {[%clk 1:31:43]} 53. Nd7
{[%clk 0:25:31]} Kxc4 {[%clk 1:32:02]} 54. Ne5+ {[%clk 0:25:07]} Kc3
{[%clk 1:32:21]} 55. Nxg6 {[%clk 0:24:07]} Kb2 {[%clk 1:32:41]} 56. Ne5
{[%clk 0:23:33]} Kxa2 {[%clk 1:32:53]} 57. Nc4 {[%clk 0:10:50]} Kb3
{[%clk 1:33:14]} 58. Nxa3 {[%clk 0:10:56]} Kxa3 {[%clk 1:33:36]} 59. g6
{[%clk 0:11:01]} c4 {[%clk 1:33:58]} 0-1